<?xml version="1.0" encoding="UTF-8"?>
<collection xmlns="http://www.loc.gov/MARC21/slim">
 <record>
  <leader>01786nam a2200277 a 4500</leader>
  <controlfield tag="001">TVCDKTCT4438</controlfield>
  <controlfield tag="003">Thư viện trường Cao đẳng Kỹ thuật Cao Thắng</controlfield>
  <controlfield tag="005">20170524081254.9</controlfield>
  <controlfield tag="008">060124</controlfield>
  <datafield tag="980" ind1="\" ind2="\">
   <subfield code="a">Thư viện Trường CĐ Kỹ Thuật Cao Thắng</subfield>
  </datafield>
  <datafield tag="024" ind1=" " ind2=" ">
   <subfield code="a">RG_1 #1 eb1 i5</subfield>
  </datafield>
  <datafield tag="041" ind1="0" ind2="#">
   <subfield code="a">vie</subfield>
  </datafield>
  <datafield tag="082" ind1="#" ind2="#">
   <subfield code="a">005 / </subfield>
   <subfield code="b">L566H-c</subfield>
  </datafield>
  <datafield tag="100" ind1="1" ind2="#">
   <subfield code="a">Lưu Quang Huy</subfield>
  </datafield>
  <datafield tag="245" ind1="0" ind2="0">
   <subfield code="a">Giáo trình cơ sở CAD/CAM trong thiết kế và chế tạo / </subfield>
   <subfield code="c">Lưu Quang Huy</subfield>
  </datafield>
  <datafield tag="260" ind1="#" ind2="#">
   <subfield code="a">H. : </subfield>
   <subfield code="b">Nhà xuất bản Hà nội , </subfield>
   <subfield code="c">2005</subfield>
  </datafield>
  <datafield tag="300" ind1="#" ind2="#">
   <subfield code="a">158tr. ; </subfield>
   <subfield code="c">24cm</subfield>
  </datafield>
  <datafield tag="520" ind1="#" ind2="#">
   <subfield code="a">Giáo trình gồm 2 phần :</subfield>
  </datafield>
  <datafield tag="520" ind1="#" ind2="#">
   <subfield code="a">Nước ta đang trong quá trình công nghiệp hóa với tốc độ ngày càng nhanh hơn trong những năm tới đây. các viện nghiên cứu và thiết kế, các xí nghiệp sản xuất đều hướng tới nghiên cứu ứng dụng các hệ thống CAD?/CAM với các mức độ khác nhau nhằm nâng cao hiệu quả sản xuất, tăng khả năng cạnh tranh của doanh nghiệp lên rất nhiều. Trong xu thế tất yếu đó, vai trò của lĩnh vực đào tạo rất quan trọng, nhằm giúp cho người học có khả năng nhanh chóng đáp ứng về mặt công việc khi thực hiện nhiệm vụ kỹ thuật cụ thể.</subfield>
  </datafield>
  <datafield tag="520" ind1="#" ind2="#">
   <subfield code="a">Phần 1 : Cơ sở CAD/CAM</subfield>
  </datafield>
  <datafield tag="520" ind1="#" ind2="#">
   <subfield code="a">Phần 2 : Làm việc với Autocad</subfield>
  </datafield>
  <datafield tag="650" ind1="#" ind2="4">
   <subfield code="a">Cơ sở CAD/CAM</subfield>
  </datafield>
  <datafield tag="650" ind1="#" ind2="4">
   <subfield code="a">Thiết kế--Chế tạo</subfield>
  </datafield>
  <datafield tag="650" ind1="#" ind2="4">
   <subfield code="a">Tin học ứng dụng</subfield>
  </datafield>
  <datafield tag="721" ind1="#" ind2="#">
   <subfield code="a">Công nghệ thông tin</subfield>
  </datafield>
  <datafield tag="841" ind1="#" ind2="#">
   <subfield code="b">Kho Tra Cứu </subfield>
   <subfield code="j">500000053, 500000054</subfield>
  </datafield>
 </record>
</collection>
